00309nam a2200121Ia 4500008004100000020001800041041000800059100002800067245003600095260002900131300000800160999001900168250601s9999 xx 000 0 und d a9788179633731 aeng aGenie Creations9212300 a1001 Megaminde Junior G.K. Quiz bShree Book Centre,Mumbai a127 c366838d366838